Compact diccionario: alemán

Guardat en:
Dades bibliogràfiques
Autors principals: Müller, Heinz (autor), Haensch, Günther (Autor), Alvarez-Prada, Enrique (Autor)
Format: Llibre
Idioma:alemany
espanyol
Publicat: Barcelona Océano 2000
Col·lecció:Oceano Langenscheidt
Matèries:
Etiquetes: Afegir etiqueta
Sense etiquetes, Sigues el primer a etiquetar aquest registre!

MARC

LEADER 00000cam a2200000 a 4500
001 UCJ9395
003 CL-VaPUC
008 070316e20000000SP |||||||||||||||||ger|d
020 |a 8495199483 
041 0 7 |a ger  |2 CL-VaPUC 
041 0 7 |a spa  |2 CL-VaPUC 
082 0 4 |a 433.61  |b MUL  |2 21 
100 |a Müller, Heinz  |e autor  |9 519373 
700 |a Haensch, Günther  |e author  |9 615037 
700 0 |a Alvarez-Prada, Enrique  |e author  |9 519375 
245 1 0 |a Compact diccionario: alemán 
246 1 0 |a Sección I: español-alemán 
246 1 0 |a Sección II: alemán-español 
300 |a Pág. irreg 
942 |c BK 
945 |d 20070316 00:00:00  |a cmena 
260 |a Barcelona  |b Océano  |c 2000 
650 0 |a Idioma alemán   |9 519376 
650 0 |a Idioma español  |9 309143 
650 0 |a Diccionarios  |9 256200 
583 |a last modification  |c 20120605 10:58:37  |k Rodrigo Vera 
490 0 |a Oceano Langenscheidt 
999 |c 324923  |d 324921 
952 |0 0  |1 0  |4 0  |6 433_610000000000000_MUL_2000  |7 0  |8 F  |9 405313  |a BIBEDU  |b BIBEDU  |d 2019-11-22  |i 4325281  |o 433.61 MUL 2000  |p 4325281  |r 2023-01-12  |w 2019-11-22  |y BK_F  |k MUS 
952 |0 0  |1 0  |4 0  |6 433_610000000000000_MUL_2000  |7 0  |8 X  |9 405314  |a BIBING  |b BIBING  |d 2019-11-22  |i 4843932  |l 7  |o 433.61 MUL 2000  |p 4843932  |r 2024-06-27  |s 2024-06-24  |w 2019-11-22  |y BK_X  |k ING